The Juneteenth cookbook : recipes and activities for kids and families to celebrate / Alliah L. Agostini with Chef Taffy Elrod ; illustrated by Sawyer Cloud.
Celebrate and explore Juneteenth with your kids through Black American food and cultural traditions.With captivating illustrations of quick and easy recipes , follow along with little Alliah and her grandparents as they explore the historical origins of the holiday through food. Make, share, and enjoy kid-friendly takes on some of the most popular Juneteenth celebration foods ,
Record details
- ISBN: 9780760385791
- ISBN: 0760385793
- ISBN: 9780760388976
- ISBN: 0760388970
- Physical Description: 70 pages : color illustrations ; 29 cm
- Publisher: New York, NY : becker & mayer! kids, an imprint of The Quarto Group, 2024.
Content descriptions
| Bibliography, etc. Note: | Includes bibliographical references (page 70). |
| Formatted Contents Note: | Introduction -- The history of Juneteenth -- How to use this book to celebrate Juneteenth -- Symbolism, food & tools -- Drinks -- Appetizers -- Mains -- Sides -- Desserts. |
| Target Audience Note: | Ages 8 to 11 Becker & Mayer! Kids. |
Search for related items by subject
| Genre: | History Holiday Nonfiction Juvenile works Cookbooks. |
Available copies
- 1 of 1 copy available at scottsboropl.
Holds
- 0 current holds with 1 total copy.
Show Only Available Copies
| Location | Call Number / Copy Notes | Barcode | Shelving Location | Status | Due Date |
|---|---|---|---|---|---|
| scottsboropl | J 641.5 Ago | 32269001258501 | Juvenile - NonFiction | Available | - |
| LDR | 03956cam a2200877 i 4500 | ||
|---|---|---|---|
| 001 | 164031 | ||
| 003 | SBPL | ||
| 005 | 20240815112159.0 | ||
| 008 | 230816t20242024nyua c b 000 0 eng | ||
| 010 | . | ‡a 2023032671 | |
| 020 | . | ‡a9780760385791 ‡qhardcover | |
| 020 | . | ‡a0760385793 ‡qhardcover | |
| 020 | . | ‡a9780760388976 ‡qpaperback | |
| 020 | . | ‡a0760388970 ‡qpaperback | |
| 035 | . | ‡a(OCoLC)1393522645 ‡z(OCoLC)1393524405 ‡z(OCoLC)1424630894 ‡z(OCoLC)1428465302 ‡z(OCoLC)1428867272 | |
| 050 | 0 | 0. | ‡aTX715.2.A47 ‡bA36 2024 |
| 082 | 0 | 0. | ‡a641.5/68 ‡223/eng/20230831 |
| 100 | 1 | . | ‡aAgostini, Alliah L.,: ‡eauthor. |
| 245 | 1 | 4. | ‡aThe Juneteenth cookbook : ‡brecipes and activities for kids and families to celebrate / ‡cAlliah L. Agostini with Chef Taffy Elrod ; illustrated by Sawyer Cloud. |
| 264 | 1. | ‡aNew York, NY : ‡bbecker & mayer! kids, an imprint of The Quarto Group, ‡c2024. | |
| 300 | . | ‡a70 pages : ‡bcolor illustrations ; ‡c29 cm | |
| 336 | . | ‡atext ‡btxt ‡2rdacontent | |
| 336 | . | ‡astill image ‡bsti ‡2rdacontent | |
| 337 | . | ‡aunmediated ‡bn ‡2rdamedia | |
| 338 | . | ‡avolume ‡bnc ‡2rdacarrier | |
| 504 | . | ‡aIncludes bibliographical references (page 70). | |
| 505 | 0 | . | ‡aIntroduction -- The history of Juneteenth -- How to use this book to celebrate Juneteenth -- Symbolism, food & tools -- Drinks -- Appetizers -- Mains -- Sides -- Desserts. |
| 520 | . | ‡aCelebrate and explore Juneteenth with your kids through Black American food and cultural traditions.With captivating illustrations of quick and easy recipes , follow along with little Alliah and her grandparents as they explore the historical origins of the holiday through food. Make, share, and enjoy kid-friendly takes on some of the most popular Juneteenth celebration foods , | |
| Kee | t. | ‡ahe celebration going with fun and educational activities like creating an African medallion necklace and designing your own Juneteenth gear with block printing, or discover the music of the holiday with Alliah’s Cookout DJ 101 tutorial. There are also suggested on-site or virtual field trips for families, community groups, or classes that bring elements of the road to emancipation and Juneteenth’s history to life. The Juneteenth Cookbook offers kids and families a sensory-rich, hands-on exploration of this important American holiday. | |
| 521 | . | ‡aAges 8 to 11 ‡bBecker & Mayer! Kids. | |
| 650 | 0. | ‡aAfrican American cooking ‡vJuvenile literature. | |
| 650 | 0. | ‡aJuneteenth ‡vJuvenile literature. | |
| 650 | 0. | ‡aEnslaved persons ‡xEmancipation ‡zUnited States ‡vJuvenile literature. | |
| 650 | 0. | ‡aAfrican Americans ‡zTexas ‡xHistory ‡vJuvenile literature. | |
| 650 | 0. | ‡aHoliday cooking ‡vJuvenile literature. | |
| 651 | 7. | ‡aTexas ‡2fast | |
| 651 | 7. | ‡aUnited States ‡2fast | |
| 655 | 7. | ‡aHistory | |
| 655 | 7. | ‡aHoliday | |
| 655 | 7. | ‡aNonfiction | |
| 655 | 7. | ‡aJuvenile works | |
| 655 | 7. | ‡aCookbooks. ‡2lcgft | |
| 700 | 1 | . | ‡aElrod, Taffy,: ‡eauthor. |
| 700 | 1 | . | ‡aCloud, Sawyer,: ‡eillustrator. |
| 901 | . | ‡a164031 ‡bAUTOGEN ‡c164031 ‡tbiblio | |